Mountbatten / (Record no. 1123)

000 -LEADER
fixed length control field 01080nam a22003617a 4500
001 - CONTROL NUMBER
control field 1426125
003 - CONTROL NUMBER IDENTIFIER
control field OSt
005 - DATE AND TIME OF LATEST TRANSACTION
control field 20210426123701.0
008 - FIXED-LENGTH DATA ELEMENTS--GENERAL INFORMATION
fixed length control field 841029s1985 nyua b 001 0beng
010 ## - LIBRARY OF CONGRESS CONTROL NUMBER
LC control number 84048814
020 ## - INTERNATIONAL STANDARD BOOK NUMBER
International Standard Book Number 039452098X
040 ## - CATALOGING SOURCE
Original cataloging agency DLC
Transcribing agency DLC
Modifying agency DLC
Language of cataloging eng
041 ## - LANGUAGE CODE
Language code of text/sound track or separate title eng
043 ## - GEOGRAPHIC AREA CODE
Geographic area code e-uk---
050 00 - LIBRARY OF CONGRESS CALL NUMBER
Classification number DA89.1.M59
Item number Z54 1985
080 ## - UNIVERSAL DECIMAL CLASSIFICATION NUMBER
Universal Decimal Classification number 92
Item number Z-64
082 00 - DEWEY DECIMAL CLASSIFICATION NUMBER
Classification number 941.082/092/4
-- B
Edition number 19
100 1# - MAIN ENTRY--PERSONAL NAME
Personal name Ziegler, Philip.
245 10 - TITLE STATEMENT
Title Mountbatten /
Statement of responsibility, etc. Philip Ziegler.
Remainder of title / by: Alfred A. Knopf
260 ## - PUBLICATION, DISTRIBUTION, ETC.
Place of publication, distribution, etc. New York
Name of publisher, distributor, etc. Alfred A. Knopf
Date of publication, distribution, etc. 1985.
300 ## - PHYSICAL DESCRIPTION
Extent 784 p.
Other physical details ill.
Dimensions 24 cm.
365 ## - TRADE PRICE
Price amount 24.95 usd
500 ## - GENERAL NOTE
General note Includes index.
504 ## - BIBLIOGRAPHY, ETC. NOTE
Bibliography, etc. note Bibliography: p. 751-756.
600 20 - SUBJECT ADDED ENTRY--PERSONAL NAME
Personal name Mountbatten of Burma, Louis Mountbatten,
Titles and other words associated with a name Earl,
Dates associated with a name 1900-1979.
610 10 - SUBJECT ADDED ENTRY--CORPORATE NAME
Corporate name or jurisdiction name as entry element Great Britain.
Subordinate unit Royal Navy
General subdivision Biography.
650 #0 - SUBJECT ADDED ENTRY--TOPICAL TERM
Topical term or geographic name entry element Admirals
Geographic subdivision Great Britain
General subdivision Biography.
650 #0 - SUBJECT ADDED ENTRY--TOPICAL TERM
Topical term or geographic name entry element Biography
9 (RLIN) 237
650 #0 - SUBJECT ADDED ENTRY--TOPICAL TERM
Topical term or geographic name entry element Viceroys
Geographic subdivision India
General subdivision Biography.
653 ## - INDEX TERM--UNCONTROLLED
Uncontrolled term ბიოგრაფია
906 ## - LOCAL DATA ELEMENT F, LDF (RLIN)
a 7
b cbc
c orignew
d 1
e ocip
f 19
g y-gencatlg
942 ## - ADDED ENTRY ELEMENTS (KOHA)
Source of classification or shelving scheme
Koha item type Books
Holdings
Withdrawn status Lost status Source of classification or shelving scheme Damaged status Not for loan Permanent location Current location Date acquired Inventory number Total Checkouts Full call number Barcode Date last seen Price effective from Koha item type
          Ken Walker International University Ken Walker International University 02/03/2021 854   92 Z-64 854 02/03/2021 02/03/2021 Books

Powered by Koha